书目信息 |
| 题名: |
朝鲜族双语现象成因论
|
|
| 作者: | 关辛秋 著 | |
| 分册: | ||
| 出版信息: | 北京 民族出版社 2001.08 |
|
| 页数: | 233页 | |
| 开本: | 21cm | |
| 丛书名: | ||
| 单 册: | ||
| 中图分类: | H219 | |
| 科图分类: | ||
| 主题词: | 朝鲜语--chao xian yu--双重语言制--研究 | |
| 电子资源: | ||
| ISBN: | 7-105-04471-3 | |
| 000 | 01001nam0 2200241 450 | |
| 001 | 012008486331 | |
| 005 | 20080314154231.48 | |
| 010 | @a7-105-04471-3@dCNY16.80 | |
| 100 | @a20080314d2001 km y0chiy0120 ea | |
| 101 | 0 | @achi |
| 102 | @aCN@b110000 | |
| 105 | @ay z 000yy | |
| 106 | @ar | |
| 200 | 1 | @a朝鲜族双语现象成因论@Achao xian zu shuang yu xian xiang cheng yin lun@f关辛秋著@Fguan xin qiu zhu |
| 210 | @a北京@c民族出版社@d2001.08 | |
| 215 | @a233页@d21cm | |
| 314 | @a关辛秋(女,1962~),语言学博士,现为中央民族大学语言文学院副教授,著有《中国少数民族双语教育概论》、《朝鲜族双语现象成因论》等。 | |
| 330 | @a本书共分五章,主要论述了朝鲜族双语现象成因的外部条件,内在要素及其意义,同时通过对朝鲜族学校双语教育史的研究以及与其他民族语言使用状况的对比研究,探讨了与双语现象相关的具有普遍意义的理论。 | |
| 606 | 0 | @a朝鲜语@Achao xian yu@x双重语言制@x研究 |
| 690 | @aH219@v4 | |
| 701 | 0 | @a关辛秋@Aguan xin qiu@4著 |
| 801 | 0 | @aCN@bQSSK@c20080314 |
| 905 | @b20282839-41@dH219@eG553@f3 | |
| 朝鲜族双语现象成因论/关辛秋著.-北京:民族出版社,2001.08 |
| 233页;21cm |
| ISBN 7-105-04471-3:CNY16.80 |
| 本书共分五章,主要论述了朝鲜族双语现象成因的外部条件,内在要素及其意义,同时通过对朝鲜族学校双语教育史的研究以及与其他民族语言使用状况的对比研究,探讨了与双语现象相关的具有普遍意义的理论。 |
| ● |
| 相关链接 |
|
|
|
正题名:朝鲜族双语现象成因论
索取号:H219/G553
 
预约/预借
| 序号 | 登录号 | 条形码 | 馆藏地/架位号 | 状态 | 备注 |
| 1 | 282839 | 202828397 | 语言库209/209语言库 79排4列1层/ [索取号:H219/G553] | 在馆 | |
| 2 | 282840 | 202828404 | 语言库209/209语言库 79排4列1层/ [索取号:H219/G553] | 在馆 | |
| 3 | 282841 | 202828413 | 语言库209/209语言库 79排4列1层/ [索取号:H219/G553] | 在馆 |